| 000 | 00896nam a22002777a 4500 | ||
|---|---|---|---|
| 001 | 000024991 | ||
| 003 | DO-SdBNP | ||
| 005 | 20240703115737.0 | ||
| 007 | 000024991 | ||
| 008 | 160609b2010 sp a 00| 0 spa d | ||
| 020 | _a9788408092650 | ||
| 040 |
_aBPMSU _bspa _cBPMSU |
||
| 082 | 4 |
_a853.92 _bD158s 2010 _222 |
|
| 100 | 1 | _aDami, Elisabetta | |
| 245 | 1 | 0 |
_a¡Salvemos a la ballena blanca! / _cElisabetta Dami ; ilustraciones de Ricardo Sisti...[y otros] |
| 260 |
_aBarcelona : _bDestino Infantil & Juvenil, _c2010 |
||
| 300 |
_avarias paginaciones : _bil. ; _c21 cm. |
||
| 490 | 0 |
_aHumor y aventura, _v40 |
|
| 590 | _aInventariado, 2024/VM | ||
| 650 | 4 | _aCuentos infantiles italianos | |
| 650 | 4 |
_aEcologia _vCuentos infantiles |
|
| 650 | 4 |
_aRatos _vCuentos infantiles |
|
| 700 | 1 |
_aSisti, Ricardo _eilustración |
|
| 910 | _aVMateo V. Control de calidad. BPMSU | ||
| 942 |
_2ddc _cBK |
||
| 999 |
_c14713 _d14713 |
||